| 000 | 00396nam a2200133Ia 4500 | ||
|---|---|---|---|
| 008 | 231129s2002||||xx |||||||||||||| ||spa|| | ||
| 020 | _a958-20-0667-6 | ||
| 040 | _bspa | ||
| 082 | _a371.26 E79 | ||
| 245 | 0 | _aEstándares educativos evaluación y calidad de la educación | |
| 260 | _c2002 | ||
| 264 | _aCooperativa Editorial Magisterio | ||
| 942 |
_2ddc _cBKS |
||
| 999 |
_c13519 _d13519 |
||